Normal view
MARC view
Entry Personal Name
001 - CONTROL NUMBER
- control field: 980
003 - CONTROL NUMBER IDENTIFIER
- control field: BD-RjUL
005 - DATE AND TIME OF LATEST TRANSACTION
- control field: 20220130114423.0
008 - FIXED-LENGTH DATA ELEMENTS
- fixed length control field: 220130|| aca||aabn | a|a d
040 ## - CATALOGING SOURCE
- Original cataloging agency: BD-RjUL
- Transcribing agency: BD-RjUL
100 ## - HEADING--PERSONAL NAME
- Personal name: আলী, এ কে এম ইয়াকুব, গবেষণা তত্ত্বাবধায়ক
670 ## - SOURCE DATA FOUND
- Source citation: Work cat.: (BD-RjUL)79275: আখতার, মনোয়ারা 977, ইসলামী রাষ্ট্রের সূচনা ও বিকাশ (১২৫৮ খ্রিস্টাব্দ পর্যন্ত) /, ২০১২